| 000 | 01153nam a2200289 c 4500 | ||
|---|---|---|---|
| 999 |
_c49478 _d49478 |
||
| 003 | BLK | ||
| 005 | 20221104151128.0 | ||
| 008 | 180408b bul|||||r ||||||| ||bul|| | ||
| 010 | _aKNG00053329000 | ||
| 040 | _aBLK | ||
| 041 |
_aBUL _cBUL |
||
| 080 |
_aБългарска литература _b821.163.2 _x-31 _z821.163.2-31 |
||
| 100 | 1 |
_aГалина, Лада _eпърви автор _gГабровска-Каранфилова, Ганка Славова _9365607 |
|
| 139 |
_aГалина, Лада _bГ 18 |
||
| 245 | 1 | 0 |
_aПръстенът _bРоман _cЛада Галина; * Ганка Славова Габровска-Каранфилова. |
| 257 | _aBGR | ||
| 260 |
_bПрофиздат _c1977 _aСофия |
||
| 300 |
_a140 с. _c21 см |
||
| 380 | _aX | ||
| 500 | _aИмето на авт. Ганка Славова Габровска-Каранфилова. - 15 145 тир. | ||
| 700 | 1 |
_aГабровска-Каранфилова, Ганка Славова _e* _9275303 |
|
| 852 | _aЦб 88906 | ||
| 856 | 4 |
_qpdf _i0.00 _ldisable |
|
| 856 | 4 |
_qpdf _i0.00 _ldisable |
|
| 942 |
_cKNG _n0 _s1 |
||
| 944 |
_aCR _c13.09.2016 _kКети_Илиева |
||
| 944 |
_aED _c13.09.2016 _kКети_Илиева |
||
| 999 | _d49478 | ||
| 999 | _d49478 | ||